| 000 | 01110cam a2200325 i 4500 | ||
|---|---|---|---|
| 001 | 17825643 | ||
| 003 | OSt | ||
| 005 | 20160901150837.0 | ||
| 008 | 130725s2014 nyu b 001 0 eng | ||
| 010 | _a 2013028422 | ||
| 020 | _a9780765642509 (hardcover : alk. paper) | ||
| 020 | _a9780765642516 (pbk. : alk. paper) | ||
| 040 |
_aDLC _beng _cDLC _erda _dDLC |
||
| 042 | _apcc | ||
| 050 | 0 | 0 |
_aHG1811 _b.J66 2014 |
| 082 | 0 | 0 |
_aDC 332.1/1/ _22014 _bJ77 |
| 100 | 1 |
_aJones, David M. _q(David Milton) |
|
| 245 | 1 | 0 |
_aUnderstanding central banking : _bthe new era of activism / _cDavid M. Jones. |
| 264 | 1 |
_aArmonk, New York : _bM.E. Sharpe, _c[2014] |
|
| 300 |
_axxii, 200 pages ; _c25 cm |
||
| 336 |
_atext _2rdacontent |
||
| 337 |
_aunmediated _2rdamedia |
||
| 338 |
_avolume _2rdacarrier |
||
| 504 | _aIncludes bibliographical references (pages 183-190) and index. | ||
| 650 | 0 |
_aBanks and banking, Central _xHistory. |
|
| 650 | 0 | _aMonetary policy. | |
| 906 |
_a7 _bcbc _corignew _d1 _eecip _f20 _gy-gencatlg |
||
| 942 |
_2ddc _cDC |
||
| 999 |
_c12 _d12 |
||